| 000 | 00606nam a2200217Ia 4500 | ||
|---|---|---|---|
| 001 | 3065 | ||
| 008 | 180108s1986 ii a g b000 u 465 u | ||
| 020 | _a0333 90461 3 | ||
| 082 | _a547 | ||
| 100 | _aMukherjee, S M . | ||
| 245 | 0 |
_aReaction Mechanism in Organic Chemistry / _cS.M. Mukherjee & S P Singh. _hTextual Documents |
|
| 250 | _a3rd ed. / | ||
| 260 |
_aDelhi : _bMacmillan India Ltd , _c1986. |
||
| 300 |
_axi,551p. : _bill ; _c23cm . |
||
| 504 | _aSubject Index | ||
| 653 | _aChemistry | ||
| 653 | _aOrganic Chemistry | ||
| 653 | _aG-Chemistry | ||
| 700 | _aSingh, S. P. . | ||
| 942 |
_2ddc _cBK |
||
| 999 |
_c3053 _d3053 |
||